000 01041 a2200445 4500
000 BKB
001 069245
005 20200902150238.0
008
010 _a
020 _a
082 _a512.44
_bK88C
100 1 _aKreuzer, Martin
110 _a
245 1 _aComputational commutative algebra
_cby Martin Kreuzer and Lorenzo Robbiano
250 _a
260 _aNew York
_bSpringer
_c2010
300 _a2v. (v.1: 321; v.2: 586p.)
490 _a
_v
500 _a3532 v.1; 3533 v.2
600 _a
610 _a
611 _a
630 _a
650 _a
651 _a
654 _a
690 _aCommutative algebra--Data processing; Gröbner bases; Algebra; Algebra--Data processing; Algorithms; Geometry, Algebraic; Mathematics
700 _aRovviano, Lorenzo
_b
_c
710 _a
_b
_c
711 _a
720 _a
730 _a
740 _a
752 _a
856 _a
_d
_f
904 _a
964 _a
_b
_c
_d
_e
_f
_g
965 _a
999 _c2847
_d2847